000 00277nam a22001097a 4500
008 170119b xxu||||| |||| 00| 0 eng d
020 _a9780721684062
041 _aeng
080 _25TH
_a618.2
245 _aCLINICAL PROCEDURES FOR MEDICAL ASSISTANTS
_cWEST, K.B
942 _2udc
_cBK
999 _c3187
_d3187